00536nam a2200169Ia 450000500170000000800410001702000150005808200130007324500420008626000450012830000210017350000290019470000270022394200060025095200950025699900150035120241114031853.0240331s9999 xx 000 0 und d a0195639375 bRAMa823 4aThe collected essays of A.K.Ramanujam aNew DelhibOxford University pressc1999 axviii, 638 p .,  aEssays of A.K. Ramanujan aDharwadker, Vinayeedt cL 001040708LaWERCLbWERCLcSSCd2024-03-31l0o 823 RAMp4263r2024-03-31w2024-03-31yL c3317d3317